Which language is this sentence in? Some are really hard to find out! - Statistics

General Stats
  • This quiz has been taken 4,540 times
  • The average score is 13 of 20
Answer Stats
Hint Answer % Correct
You should know the correct answer to this one, right? English
100%
Une fois trouvé la bonne réponse à cette question, vous allez pouvoir procéder à la prochaine. French
98%
Über den Wolken muss die Freiheit wohl grenzenlos sein. German
97%
أن حساسية الصدر عبارة عن زيادة فى نشاط الشعب الهوائية عند التعرض لبعض المهيجات فتسبب ظهور الأعراض Arabic
95%
Использование чужой карточки или её реквизитов без разрешения владельца является мошенничеством и преследуется по закону. Russian
93%
Non sono mai stato più felice e soddisfatto in tutta la mia vita. Italian
92%
La feria, que se celebrará del 19 al 23 de este mes, cuenta este año con un presupuesto de 4,5 millones de euros. Spanish
92%
無料会員は1日3本まで、有料会員は何本でもお読みいただけます。 Japanese
90%
Ik weet niet waarom ik deze vragen niet kunt beantwoorden. Dutch
87%
工地发现二战遗留炸弹 附近居民旅客疏散 Chinese
86%
O Governo prepara uma nova estratégia para as migrações, pretendendo atrair mais emigração qualificada. Portuguese
72%
ظریف تاکید کرد:آنها پیش از این نیز چنین حرف هایی را می زدند آنهم بخاطر اینکه فضای تحریم ها را که امروز با توافق ژنو شکسته است، همچنان زنده نگهدارند Farsi
70%
Die grumoord op Mirjam op Oshakati het opnuut die kollig op geslagsgegronde geweld in Namibië laat val. Sy is na bewering deur haar kêrel met ’n kombuismes onthoof. Afrikaans
46%
برادر ملک افغانستان کے بعد اب برادر ایران کی بھی پاکستان میں مداخلت Urdu
44%
Ko te whakamāramatanga mō Te Puni Kōkiri, ko tētahi tira e anga ngātahi ana ki mua. Maori
34%
Монголын соёл найрамдлын нийгэмлэгийн Истанбул дахь салбар хамтран зохион байгуулсан уг баярын арга хэмжээнд 500 орчим иргэд, оюутан оролцов. Mongolian
32%
Cena vstopnic se vrti okoli 650 ameriških dolarjev. Slovenian
30%
Minn fuq, għax hekk kien jaqblilhom bħala Partit, iddeċidew li jaħarqu l-karti kollha. Maltese
20%
Waxa uu sheegay in ay filayaan in wax badan ay ka qaban doonaan amniga magaalada Muqdisho oo waayadii dambe ay ka dhacayeen falal amniga liddi ku ah. Somali
16%
Inzibutso enye aza Jenoside zirihafi gushyirwa mu bice ndangamurage by’Isi Kinyarwanda
6%
No matching quizzes found
Score Distribution
Percent of People with Each Score
Percentile by Number Answered
Your Score History
You have not taken this quiz